000 00474nam a2200181Ia 4500
005 20250317131027.0
008 008 250317s9999 xx 000 0 eng d
037 _aTextbook
040 _aFMSL
_beng
_cFMSL
041 _aeng
_2eng
084 _qFMSL
100 _aGoodman D
_986865
245 0 _aFrom Peasant to protletarian
260 _aBasil
_bBasil, black well
_c1981
300 _a256p
942 _cTB
999 _c1266356
_d1266356